|
|
|
|
| LEADER |
00750cam a2200229 7i4500 |
| 001 |
0000037087 |
| 005 |
20221205090000.0 |
| 007 |
##ta |
| 008 |
221205s2022 eng |
| 020 |
# |
# |
|a 9789211036879
|
| 040 |
# |
# |
|a MATR
|
| 090 |
0 |
# |
|a I 338.7
|b SME
|
| 245 |
0 |
0 |
|a SME Competitiveness Outlook 2022 :
|b Connected services, competitive businesses.
|
| 264 |
# |
1 |
|a Geneva:
|b International Trade Centre (ITC),
|c 2022.
|
| 300 |
# |
# |
|a xxiv, 98 pages:
|b illustrations;
|c 30 cm.
|
| 336 |
# |
# |
|a text
|2 rdacontent
|
| 337 |
# |
# |
|a unmediated
|2 rdamedia
|
| 338 |
# |
# |
|a volume
|2 rdacarrier
|
| 650 |
# |
0 |
|a Small business
|
| 650 |
# |
0 |
|a Business enterprises
|
| 710 |
0 |
# |
|a International Trade Centre (ITC)
|
| 999 |
|
|
|a 0000041965
|b Book
|c Book
|e Business Information Centre
|